[Event "Valasska Bystrice op 11th"]
[Site "Valasska Bystrice"]
[Date "2019.09.14"]
[Round "9"]
[White "Serakova, Tatana"]
[Black "Susen, Jaroslav"]
[Result "0-1"]
[WhiteElo "1648"]
[BlackElo "1802"]
[PlyCount "102"]
[EventDate "2019.09.07"]
[EventType "swiss"]
[EventRounds "9"]
[EventCountry "CZE"]
[SourceTitle "EXT 2020"]
[Source "ChessBase"]
[SourceDate "2019.10.17"]
[SourceVersion "1"]
[SourceVersionDate "2019.10.17"]
[SourceQuality "1"]

1. d4 d5 2. Nf3 Nf6 3. c4 c6 4. Nc3 Bf5 5. Bg5 Nbd7 6. e3 h6 7. Bxf6 Nxf6 8. cxd5 Nxd5 9. Nxd5 Qxd5 10. a3 e6 11. Bd3 Bxd3 12. Qxd3 Qa5+ 13. Qd2 Qb5 14. Qe2 Qa5+ 15. Qd2 Qa6 16. Rc1 Bd6 17. Qe2 Qa5+ 18. Qd2 Qb5 19. Qe2 Qh5 20. Qc4 Qa5+ 21. Rc3 0-0 22. 0-0 Rad8 23. Qb3 Rd7 24. Rd1 Qf5 25. Qa4 a6 26. Rcd3 Rfd8 27. h3 Bb8 28. R3d2 Qd5 29. Qb4 Bd6 30. Qc3 g5 31. Qd3 f5 32. Qc3 Kf7 33. Ne5+ Bxe5 34. dxe5 Qxd2 35. Rxd2 Rxd2 36. Kf1 R8d3 37. Qb4 Rd7 38. g3 R2d5 39. Qc3 Rd1+ 40. Ke2 h5 41. Qb4 g4 42. hxg4 hxg4 43. Qc3 R7d2+ 44. Qxd2 Rxd2+ 45. Kxd2 c5 46. Kc3 b5 47. a4 Ke7 48. b4 c4 49. axb5 axb5 50. Kd4 Kd7 51. Kc3 Kc6 0-1

[Event "EU-ch (Women) 19th"]
[Site "Stary Smokovec"]
[Date "2018.04.17"]
[Round "9"]
[White "Serakova, Tatana"]
[Black "Kanyamarala, Trisha"]
[Result "0-1"]
[WhiteElo "1633"]
[BlackElo "2031"]
[PlyCount "68"]
[EventDate "2018.04.08"]
[EventType "swiss"]
[EventRounds "11"]
[EventCountry "SVK"]
[SourceTitle "CBM 184 Extra"]
[Source "ChessBase"]
[SourceDate "2018.06.28"]
[SourceVersion "1"]
[SourceVersionDate "2018.06.28"]
[SourceQuality "1"]

1. d4 d5 2. Bf4 e6 3. e3 Nf6 4. Nd2 c5 5. c3 Nc6 6. a3 Bd6 7. Bxd6 Qxd6 8. f4 Ne7 9. Bd3 Bd7 10. Ngf3 Qb6 11. dxc5 Qxb2 12. Qc1 Qxc1+ 13. Rxc1 Rc8 14. Nb3 0-0 15. 0-0 Ba4 16. Na5 b6 17. cxb6 axb6 18. Nb7 Rc7 19. Nd6 Rd8 20. Nb5 Bxb5 21. Bxb5 Nf5 22. Rfe1 Rdc8 23. a4 Rxc3 24. Rxc3 Rxc3 25. e4 dxe4 26. Rd1 Nd5 27. Ng5 e3 28. Ne4 Rc2 29. g3 e2 30. Re1 Nd4 31. Kf2 f5 32. Ng5 Nc3 33. Bd3 Nd1+ 34. Kg2 Rd2 0-1

[Event "EU-ch (Women) 19th"]
[Site "Stary Smokovec"]
[Date "2018.04.14"]
[Round "7"]
[White "Ferkova, Dominika"]
[Black "Serakova, Tatana"]
[Result "1-0"]
[WhiteElo "2068"]
[BlackElo "1633"]
[PlyCount "65"]
[EventDate "2018.04.08"]
[EventType "swiss"]
[EventRounds "11"]
[EventCountry "SVK"]
[SourceTitle "CBM 184 Extra"]
[Source "ChessBase"]
[SourceDate "2018.06.28"]
[SourceVersion "1"]
[SourceVersionDate "2018.06.28"]
[SourceQuality "1"]

1. d4 d5 2. c4 c6 3. Nc3 Nf6 4. Nf3 a6 5. a4 e6 6. Bg5 Nbd7 7. e3 Qa5 8. Nd2 Bb4 9. Qc2 dxc4 10. Bxf6 Nxf6 11. Nxc4 Qc7 12. Be2 Bd7 13. a5 c5 14. 0-0 cxd4 15. exd4 Bc6 16. Qb3 Be7 17. h3 0-0 18. Ne5 Ne4 19. Rfe1 Nxc3 20. bxc3 Rac8 21. Bd3 Bg5 22. Qd1 h6 23. Ra2 Be8 24. c4 Rb8 25. Qg4 Qe7 26. Rb1 f5 27. Qe2 Qf6 28. Rb6 h5 29. d5 Qe7 30. Rxe6 Qd8 31. Rb6 Rf6 32. c5 Qxd5 33. Bc4 1-0